Coastal hydrodynamics / (Record no. 60599)

MARC details
000 -LEADER
fixed length control field 00761nam a22002297a 4500
005 - DATE AND TIME OF LATEST TRANSACTION
control field 20130712151928.0
010 ## - LCCN (DPL NO)
LC control number ENG-104675
020 ## - INTERNATIONAL STANDARD BOOK NUMBER
International Standard Book Number 9788120344297
Terms of availability 395.00
035 ## - SYSTEM CONTROL NUMBER
System control number EN-88208
035 ## - SYSTEM CONTROL NUMBER
System control number B-492216-217
037 ## - SOURCE OF ACQUISITION
Source of stock number/acquisition DBAD / PUB
037 ## - SOURCE OF ACQUISITION
Source of stock number/acquisition Blue Berry/Ven
082 14 - DEWEY DECIMAL CLASSIFICATION NUMBER
Classification number 551.47009146
100 1# - MAIN ENTRY--PERSONAL NAME
Personal name Mani, J.S.
245 1# - TITLE STATEMENT
Title Coastal hydrodynamics /
Statement of responsibility, etc by J.S. Mani
260 ## - PUBLICATION, DISTRIBUTION, ETC. (IMPRINT)
Place of publication, distribution, etc New Delhi
Name of publisher, distributor, etc PHI Learning
Date of publication, distribution, etc 2012
270 ## - ADDRESS
Address M-97, Connaught Circus
City New Delhi
Postal code 110015
300 ## - PHYSICAL DESCRIPTION
Extent x,321p. :
Dimensions 23cm(pbk)
Other physical details ill.(some chiefly col.)
500 ## - GENERAL NOTE
General note Includes index
942 ## - ADDED ENTRY ELEMENTS (KOHA)
Institution code [OBSOLETE] dpl
Item type English Books
Source of classification or shelving scheme Dewey Decimal Classification
Classification part 551.47009146
Call number suffix MAN
Holdings
Withdrawn status Lost status Not for loan Collection code Home library Current library Date acquired Source of acquisition Cost, normal purchase price Full call number Barcode Copy number Cost, replacement price Koha item type
      Non-fiction Central Library Central Library 12/07/2013 Blue Berry/IN9994/03.01.2013/116/18.12.2012/23.01.2013 395.00 551.47009146 MAN B-492216 1 395.00 English Books
    Not For Loan Non-fiction D.B.Act.Division D.B.Act.Division 10/01/2012 DBAD/PUB 395.00 551.47009146 MAN EN-88208 1 395.00 English Books
      Non-fiction Sarojini Nagar Sarojini Nagar 12/07/2013 Blue Berry/IN9994/03.01.2013/116/18.12.2012/23.01.2013 395.00 551.47009146 MAN B-492217 1 395.00 English Books

© Delhi Public Library
Hit Counter
free hit counter